Attributions and the origin of problem gambling

Guardado en:  
Detalles Bibliográficos
Autor principal: Rosecrance, Joseph (Autor)
Tipo de documento: Print Artículo
Lenguaje:Inglés
Publicado: 1986
En: The sociological quarterly
Año: 1986, Volumen: 27, Número: 4, Páginas: 463 ff.
Verificar disponibilidad: HBZ Gateway
Palabras clave:

MARC

LEADER 00000caa a22000002c 4500
001 163664127X
003 DE-627
005 20220608112939.0
007 tu
008 140224s1986 xx ||||| 00| ||eng c
035 |a (DE-627)163664127X 
035 |a (DE-576)401585700 
035 |a (DE-599)BSZ401585700 
040 |a DE-627  |b ger  |c DE-627  |e rakwb 
041 |a eng 
100 1 |a Rosecrance, Joseph  |4 aut 
245 1 0 |a Attributions and the origin of problem gambling  |c Joseph Rosecrance 
264 1 |c 1986 
336 |a Text  |b txt  |2 rdacontent 
337 |a ohne Hilfsmittel zu benutzen  |b n  |2 rdamedia 
338 |a Band  |b nc  |2 rdacarrier 
773 0 8 |i In  |t The sociological quarterly  |d Philadelphia, PA : Routledge, Taylor & Francis Group, 1960  |g 27(1986), 4, Seite 463 ff.  |w (DE-627)129084395  |w (DE-600)4157-9  |w (DE-576)014417782  |x 0038-0253  |7 nnas 
773 1 8 |g volume:27  |g year:1986  |g number:4  |g pages:463 ff. 
951 |a AR 
ELC |b 1 
LOK |0 000 xxxxxcx a22 zn 4500 
LOK |0 001 3294211716 
LOK |0 003 DE-627 
LOK |0 004 163664127X 
LOK |0 005 20140224105252 
LOK |0 008 140224||||||||||||||||ger||||||| 
LOK |0 040   |a DE-21-110  |c DE-627  |d DE-21-110 
LOK |0 689   |a s  |a Spielsucht 
LOK |0 852   |z Kein Bestand am IfK; Nachweis für KrimDok 
LOK |0 852   |a DE-21-110 
LOK |0 852 1  |m v  |9 00 
LOK |0 935   |a k110 
LOK |0 938   |k v 
LOK |0 939   |a 24-02-14  |b l01 
ORI |a SA-MARC-krimdoka001.raw